Lex mentor fiscal 2005
Tallennettuna:
| Aineistotyyppi: | Kirja |
|---|---|
| Kieli: | espanja |
| Julkaistu: |
Bilbao
Deusto
2005
|
| Aiheet: | |
| Tagit: |
Lisää tagi
Ei tageja, Lisää ensimmäinen tagi!
|
MARC
| LEADER | 00000nam a2200000 a 4500 | ||
|---|---|---|---|
| 001 | UCI1205 | ||
| 003 | CL-VaPUC | ||
| 008 | 070622e20050000SP |||||||||||||||||spa|d | ||
| 020 | |a 8423435199 | ||
| 082 | 0 | 4 | |a 343.46043 |b LEX |2 21 |
| 245 | 1 | 0 | |a Lex mentor fiscal 2005 |
| 300 | |a 2530 p | ||
| 942 | |c BK | ||
| 945 | |d 20070622 00:00:00 |a jtorresc | ||
| 260 | |a Bilbao |b Deusto |c 2005 | ||
| 650 | 0 | |a Impuestos |9 255450 | |
| 650 | 7 | |a DERECHO FISCAL |2 CL-VaPUC |9 306997 | |
| 650 | 7 | |a IMPUESTOS TRIBUTARIOS |2 CL-VaPUC |9 501175 | |
| 650 | 0 | |a Impuesto a la renta |9 258171 | |
| 650 | 7 | |a IMPUESTO A LAS DONACIONES |2 CL-VaPUC |9 521547 | |
| 650 | 0 | |a Impuesto al Valor Agregado (IVA) |9 258896 | |
| 651 | 0 | |a España |9 254926 | |
| 583 | |a last modification |c 20070622 00:00:00 |k Rodrigo Vera | ||
| 999 | |c 326046 |d 326044 | ||
| 952 | |0 0 |1 0 |4 0 |6 343_460430000000000_LEX_2005 |7 0 |8 A |9 407665 |a BIBDER |b BIBDER |d 2019-11-22 |i 4286421 |o 343.46043 LEX 2005 |p 4286421 |r 2023-01-25 |w 2019-11-22 |y BK |k DER | ||